[Event "Civil Service Ch 6th"]
[Site "Leeds"]
[Date "1996.??.??"]
[Round "1"]
[White "Pheby, Ian M"]
[Black "Ashby, Anthony C"]
[Result "1/2-1/2"]
[WhiteElo "1950"]
[BlackElo "2185"]
[PlyCount "94"]
[EventDate "1996.04.??"]
[EventType "swiss"]
[EventRounds "5"]
[EventCountry "ENG"]
[SourceTitle "BritBase"]
[Source "John Saunders"]
[SourceDate "2024.12.03"]
[SourceVersion "1"]
[SourceVersionDate "2024.12.03"]
[SourceQuality "1"]

1. e4 e6 2. d4 d5 3. Nd2 Nf6 4. e5 Nfd7 5. f4 c5 6. c3 Nc6 7. Ndf3 Qb6 8. Ne2 cxd4 9. cxd4 Bb4+ 10. Nc3 f6 11. Bd3 O-O 12. a3 fxe5 13. axb4 e4 14. Nxe4 dxe4 15. Bxe4 Nxb4 16. O-O Nf6 17. Bb1 Bd7 18. Bd2 Nbd5 19. Rf2 g6 20. Ba5 Qd6 21. Ne5 Be8 22. Nc4 Qe7 23. Qe2 b5 24. Ne5 b4 25. Qa6 Nd7 26. Qb7 Nxe5 27. Qxe7 Nxe7 28. dxe5 Rc8 29. Be4 Rc4 30. Bd8 Nc6 31. Bxc6 Bxc6 32. Bf6 Ra8 33. h3 a5 34. Rd1 Bd5 35. g4 Rac8 36. f5 Rc1 37. Rfd2 Rxd1+ 38. Rxd1 Kf7 39. fxg6+ Kxg6 40. Ra1 Ra8 41. Rc1 h5 42. Rc7 hxg4 43. hxg4 a4 44. Kh2 a3 45. Rg7+ Kh6 46. Kg3 Ra7 47. Rxa7 axb2 (47... axb2 {Black offered the draw but after} 48. Be7 Kh7 49. Bxb4+ Kg8 {he is winning.}) 1/2-1/2

[Event "Civil Service Ch 6th"]
[Site "Leeds"]
[Date "1996.??.??"]
[Round "1"]
[White "Thurlow, Kevin J"]
[Black "Archer, Richard P"]
[Result "1/2-1/2"]
[WhiteElo "2135"]
[BlackElo "1910"]
[PlyCount "46"]
[EventDate "1996.04.??"]
[EventType "swiss"]
[EventRounds "5"]
[EventCountry "ENG"]
[SourceTitle "BritBase"]
[Source "John Saunders"]
[SourceDate "2024.12.03"]
[SourceVersion "1"]
[SourceVersionDate "2024.12.03"]
[SourceQuality "1"]

1. c4 Nf6 2. Nc3 d5 3. cxd5 Nxd5 4. e4 Nxc3 5. bxc3 e5 6. Nf3 Bd6 7. d4 exd4 8. e5 Be7 9. cxd4 c6 10. Be2 Be6 11. O-O O-O 12. Be3 Nd7 13. Qd2 Nb6 14. Rab1 Qc7 15. Bg5 Rad8 16. Qc2 Nd5 17. Rfd1 Rfe8 18. h3 h6 19. Bxe7 Rxe7 20. Bc4 Qa5 21. Bxd5 Bxd5 22. Qc5 Qxc5 23. dxc5 Rb8 1/2-1/2

[Event "Civil Service Ch 6th"]
[Site "Leeds"]
[Date "1996.??.??"]
[Round "1"]
[White "Brocklehurst, Andrew"]
[Black "Wolstencroft, Darryl"]
[Result "0-1"]
[WhiteElo "1865"]
[BlackElo "2130"]
[PlyCount "72"]
[EventDate "1996.04.??"]
[EventType "swiss"]
[EventRounds "5"]
[EventCountry "ENG"]
[SourceTitle "BritBase"]
[Source "John Saunders"]
[SourceDate "2024.12.03"]
[SourceVersion "1"]
[SourceVersionDate "2024.12.03"]
[SourceQuality "1"]

1. e4 e6 2. d4 d5 3. Nc3 Bb4 4. e5 Ne7 5. Bg5 c5 6. Bb5+ Bd7 7. Bxd7+ Nxd7 8. Nge2 h6 9. Bxe7 Qxe7 10. O-O O-O 11. a3 Ba5 12. Kh1 cxd4 13. Qxd4 Bb6 14. Qf4 Bc7 15. Qe3 Nxe5 16. f4 Nc4 17. Nxd5 Qd8 18. Nf6+ Qxf6 19. Qc5 Nd2 20. Rfd1 Bxf4 21. Qb4 Be3 22. Qxb7 Rab8 23. Qa6 Ne4 24. Rdb1 Nf2+ 25. Kg1 Nh3+ 26. Kh1 Nf2+ 27. Kg1 Qh4 28. Kf1 Ne4 29. Ng3 Nxg3+ 30. hxg3 Qxg3 31. Qe2 Rb5 32. Qe1 Rf5+ 33. Ke2 Rf2+ 34. Kd1 Rd8+ 35. Qd2 Rdxd2+ 36. Ke1 Rf3# 0-1

[Event "Civil Service Ch 6th"]
[Site "Leeds"]
[Date "1996.??.??"]
[Round "1"]
[White "Charter, Mark R"]
[Black "Robson, Paul E"]
[Result "0-1"]
[WhiteElo "2080"]
[BlackElo "1850"]
[PlyCount "54"]
[EventDate "1996.04.??"]
[EventType "swiss"]
[EventRounds "5"]
[EventCountry "ENG"]
[SourceTitle "BritBase"]
[Source "John Saunders"]
[SourceDate "2024.12.03"]
[SourceVersion "1"]
[SourceVersionDate "2024.12.03"]
[SourceQuality "1"]

1. f4 g6 2. Nf3 Bg7 3. e4 c5 4. Nc3 Nc6 5. d3 d6 6. g3 e6 7. Bg2 Nge7 8. O-O O-O 9. Be3 Nd4 10. Bf2 Nec6 11. Kh1 Bd7 12. g4 f5 13. gxf5 exf5 14. Nxd4 Nxd4 15. exf5 Rxf5 16. Bxb7 Rb8 17. Be4 Rxf4 18. Nd5 Bg4 19. Qd2 Rxe4 20. Be3 Bf3+ 21. Rxf3 Nxf3 22. Qf2 Rxe3 23. Qxe3 Ne5 24. c3 Rxb2 25. d4 Rxh2+ 26. Kg1 cxd4 27. Qf4 Qh4 0-1

[Event "Civil Service Ch 6th"]
[Site "Leeds"]
[Date "1996.??.??"]
[Round "1"]
[White "Portman, Carl S"]
[Black "Maxwell, Alistair"]
[Result "0-1"]
[WhiteElo "1775"]
[BlackElo "2050"]
[PlyCount "46"]
[EventDate "1996.04.??"]
[EventType "swiss"]
[EventRounds "5"]
[EventCountry "ENG"]
[SourceTitle "BritBase"]
[Source "John Saunders"]
[SourceDate "2024.12.03"]
[SourceVersion "1"]
[SourceVersionDate "2024.12.03"]
[SourceQuality "1"]

1. e4 e5 2. Nf3 Nc6 3. Bc4 Nf6 4. Nc3 Nxe4 5. Nxe4 d5 6. Bxd5 Qxd5 7. Nc3 Qd8 8. O-O Be7 9. h3 O-O 10. Qe2 Nd4 11. Nxd4 exd4 12. Ne4 f5 13. Ng3 f4 14. Ne4 f3 15. Qc4+ Kh8 16. g4 h5 17. Qb5 c5 18. Kh2 Bd6+ 19. Nxd6 Qxd6+ 20. Kh1 hxg4 21. Rg1 a6 22. Qb3 g3 23. Rxg3 Qxg3 0-1

[Event "Civil Service Ch 6th"]
[Site "Leeds"]
[Date "1996.??.??"]
[Round "1"]
[White "O'Connor, Clifford M"]
[Black "Parkes, Jack C"]
[Result "0-1"]
[WhiteElo "2000"]
[BlackElo "1770"]
[PlyCount "66"]
[EventDate "1996.04.??"]
[EventType "swiss"]
[EventRounds "5"]
[EventCountry "ENG"]
[SourceTitle "BritBase"]
[Source "John Saunders"]
[SourceDate "2024.12.03"]
[SourceVersion "1"]
[SourceVersionDate "2024.12.03"]
[SourceQuality "1"]

1. e4 e6 2. d4 d5 3. e5 c5 4. c3 Nc6 5. Nf3 Qb6 6. Bd3 Bd7 7. O-O cxd4 8. cxd4 Nxd4 9. Nxd4 Qxd4 10. Nc3 a6 11. Qe2 Ne7 12. Kh1 Nc6 13. f4 Nb4 14. Rd1 Nxd3 15. Rxd3 Qc4 16. b3 Qc7 17. Bb2 b5 18. Rc1 Qb7 19. f5 b4 20. Nxd5 exd5 21. e6 fxe6 22. fxe6 Bb5 23. Qh5+ g6 24. Qe5 Bg7 25. Qd6 Rd8 26. Qf4 Rf8 27. Qxb4 Bxb2 28. e7 Qxe7 29. Re1 Be5 30. Qd2 Bxd3 31. Qxd3 Qd6 32. Qh3 Qf6 33. Qd3 Qf4 0-1

[Event "Civil Service Ch 6th"]
[Site "Leeds"]
[Date "1996.??.??"]
[Round "1"]
[White "Millard, Ian"]
[Black "Brusey, Alan W"]
[Result "0-1"]
[WhiteElo "1760"]
[BlackElo "1985"]
[PlyCount "72"]
[EventDate "1996.04.??"]
[EventType "swiss"]
[EventRounds "5"]
[EventCountry "ENG"]
[SourceTitle "BritBase"]
[Source "John Saunders"]
[SourceDate "2024.12.03"]
[SourceVersion "1"]
[SourceVersionDate "2024.12.03"]
[SourceQuality "1"]

1. e4 e6 2. d4 d5 3. Nd2 Nf6 4. e5 Ne4 5. Bd3 Nxd2 6. Bxd2 c5 7. c3 Nc6 8. Nf3 Qb6 9. Qb3 c4 10. Qxb6 axb6 11. Bc2 b5 12. O-O b4 13. Nh4 Be7 14. Nf3 h6 15. h3 Bd7 16. Nh2 Ra7 17. f4 O-O 18. f5 exf5 19. Bxf5 Bxf5 20. Rxf5 bxc3 21. Bxc3 b5 22. Ng4 b4 23. Be1 Nxd4 24. Rf1 Bc5 25. Bf2 Ne6 26. Bxc5 Nxc5 27. Ne3 Rd8 28. Rfd1 Rad7 29. Rd2 c3 30. bxc3 bxc3 31. Rc2 d4 32. Nc4 Na4 33. Rf1 d3 34. Rcf2 d2 35. Nd6 Rxd6 36. exd6 Rxd6 0-1

[Event "Civil Service Ch 6th"]
[Site "Leeds"]
[Date "1996.??.??"]
[Round "1"]
[White "Clark, William G"]
[Black "Bowering, Charles"]
[Result "0-1"]
[WhiteElo "1910"]
[BlackElo "1950"]
[PlyCount "46"]
[EventDate "1996.04.??"]
[EventType "swiss"]
[EventRounds "5"]
[EventCountry "ENG"]
[SourceTitle "BritBase"]
[Source "John Saunders"]
[SourceDate "2024.12.03"]
[SourceVersion "1"]
[SourceVersionDate "2024.12.03"]
[SourceQuality "1"]

1. e4 e5 2. Nf3 Nc6 3. Bb5 a6 4. Ba4 Nf6 5. O-O Be7 6. Re1 b5 7. Bb3 O-O 8. c3 d5 9. exd5 Nxd5 10. Nxe5 Nxe5 11. Rxe5 c6 12. d4 Bd6 13. Re1 Qh4 14. g3 Qh3 15. Re4 g5 16. Qf3 Bf5 17. Bc2 Bxe4 18. Bxe4 Rae8 19. Bxg5 Re6 20. Nd2 f5 21. Bxd5 cxd5 22. Qxd5 f4 23. Ne4 f3 0-1

[Event "Civil Service Ch 6th"]
[Site "Leeds"]
[Date "1996.??.??"]
[Round "2"]
[White "Wolstencroft, Darryl"]
[Black "Phillips, Owen S"]
[Result "1/2-1/2"]
[WhiteElo "2130"]
[BlackElo "1975"]
[PlyCount "65"]
[EventDate "1996.04.??"]
[EventType "swiss"]
[EventRounds "5"]
[EventCountry "ENG"]
[SourceTitle "BritBase"]
[Source "John Saunders"]
[SourceDate "2024.12.03"]
[SourceVersion "1"]
[SourceVersionDate "2024.12.03"]
[SourceQuality "1"]

1. c4 f5 2. g3 e6 3. Bg2 c6 4. d4 d5 5. Nh3 Nf6 6. O-O Be7 7. Nc3 O-O 8. Kh1 Bd7 9. f3 dxc4 10. e4 b5 11. a4 b4 12. Ne2 a5 13. Qc2 c3 14. bxc3 bxc3 15. Qxc3 Na6 16. Qc4 Ne8 17. Bf4 Kh8 18. Rfd1 Nb4 19. Be5 Nd6 20. Qc3 Nf7 21. Nhf4 Qe8 22. Nd3 Nxd3 23. Qxd3 c5 24. exf5 Nxe5 25. dxe5 Bxa4 26. Re1 Rxf5 27. Qc4 Bd7 28. f4 Ra7 29. Nc3 a4 30. Bh3 Qa8+ 31. Kg1 Rf8 32. Bxe6 Bxe6 33. Qxe6 1/2-1/2

[Event "Civil Service Ch 6th"]
[Site "Leeds"]
[Date "1996.??.??"]
[Round "2"]
[White "Maxwell, Alistair"]
[Black "Robson, Paul E"]
[Result "1/2-1/2"]
[WhiteElo "2050"]
[BlackElo "1850"]
[PlyCount "27"]
[EventDate "1996.04.??"]
[EventType "swiss"]
[EventRounds "5"]
[EventCountry "ENG"]
[SourceTitle "BritBase"]
[Source "John Saunders"]
[SourceDate "2024.12.03"]
[SourceVersion "1"]
[SourceVersionDate "2024.12.03"]
[SourceQuality "1"]

1. e4 g6 2. d4 c5 3. Nf3 cxd4 4. Nxd4 Bg7 5. Be3 Nc6 6. Nc3 Nf6 7. Bc4 d6 8. Bb3 Ng4 9. Nxc6 bxc6 10. Bg5 Qa5 11. Qd2 h6 12. Bh4 Qh5 13. Bg3 O-O 14. O-O 1/2-1/2

[Event "Civil Service Ch 6th"]
[Site "Leeds"]
[Date "1996.??.??"]
[Round "2"]
[White "Brusey, Alan W"]
[Black "Parkes, Jack C"]
[Result "1-0"]
[WhiteElo "1985"]
[BlackElo "1770"]
[PlyCount "81"]
[EventDate "1996.04.??"]
[EventType "swiss"]
[EventRounds "5"]
[EventCountry "ENG"]
[SourceTitle "BritBase"]
[Source "John Saunders"]
[SourceDate "2024.12.03"]
[SourceVersion "1"]
[SourceVersionDate "2024.12.03"]
[SourceQuality "1"]

1. e4 c6 2. d4 d5 3. f3 dxe4 4. fxe4 e5 5. Nf3 Bg4 6. Bc4 Nf6 7. Bxf7+ Kxf7 8. Nxe5+ Ke8 9. Nxg4 Nxg4 10. Qxg4 Qxd4 11. Nc3 Nd7 12. Bg5 Nc5 13. Rd1 Qe5 14. O-O Be7 15. Bf4 Qe6 16. Qxg7 Bf6 17. Qh6 Bxc3 18. Qh5+ Qg6 19. Qxg6+ hxg6 20. bxc3 Ne6 21. Bd6 Rh4 22. e5 Rf4 23. g3 Rf7 24. Rb1 b6 25. h4 Rd8 26. Kg2 Rdd7 27. Rbd1 Rf5 28. Rxf5 gxf5 29. Rf1 Rf7 30. g4 fxg4 31. Rxf7 Kxf7 32. Kg3 Kg6 33. Kxg4 Ng7 34. Bf8 Ne6 35. h5+ Kf7 36. Bd6 Nd8 37. Bb8 Ne6 38. Bxa7 b5 39. Be3 Nf8 40. Kf5 Nh7 41. Bh6 1-0

[Event "Civil Service Ch 6th"]
[Site "Leeds"]
[Date "1996.??.??"]
[Round "2"]
[White "Bowering, Charles"]
[Black "Thurlow, Kevin J"]
[Result "1/2-1/2"]
[WhiteElo "1950"]
[BlackElo "2135"]
[PlyCount "58"]
[EventDate "1996.04.??"]
[EventType "swiss"]
[EventRounds "5"]
[EventCountry "ENG"]
[SourceTitle "BritBase"]
[Source "John Saunders"]
[SourceDate "2024.12.03"]
[SourceVersion "1"]
[SourceVersionDate "2024.12.03"]
[SourceQuality "1"]

1. d4 Nf6 2. Nc3 c5 3. d5 d6 4. e4 g6 5. Nf3 Nbd7 6. Be2 Bg7 7. O-O O-O 8. Re1 a6 9. a4 Qc7 10. Bf1 Rb8 11. Bf4 Ng4 12. Qd2 c4 13. h3 Nge5 14. Nd4 Nc5 15. Be3 f5 16. f4 Nf7 17. exf5 gxf5 18. Qe2 e5 19. dxe6 Nxe6 20. Nxf5 Nxf4 21. Bxf4 Bxf5 22. Qxc4 Qb6+ 23. Kh1 Rbc8 24. Qb3 Qxb3 25. cxb3 Bxc3 26. bxc3 Rxc3 27. Bc4 b5 28. axb5 axb5 29. Bxb5 Rxb3 1/2-1/2

[Event "Civil Service Ch 6th"]
[Site "Leeds"]
[Date "1996.??.??"]
[Round "2"]
[White "Ashby, Anthony C"]
[Black "Archer, Richard P"]
[Result "1-0"]
[WhiteElo "2185"]
[BlackElo "1905"]
[PlyCount "67"]
[EventDate "1996.04.??"]
[EventType "swiss"]
[EventRounds "5"]
[EventCountry "ENG"]
[SourceTitle "BritBase"]
[Source "John Saunders"]
[SourceDate "2024.12.03"]
[SourceVersion "1"]
[SourceVersionDate "2024.12.03"]
[SourceQuality "1"]

1. e4 c5 2. Nf3 d6 3. c3 Nc6 4. d4 cxd4 5. cxd4 e6 6. Nc3 Nf6 7. Bd3 Be7 8. O-O O-O 9. Qe2 a6 10. Bg5 b5 11. Bxf6 Bxf6 12. e5 dxe5 13. Qe4 g6 14. Qxc6 Bd7 15. Qe4 exd4 16. Ne2 e5 17. Ng3 Re8 18. h4 Be6 19. h5 Bd5 20. Qe2 Bg7 21. hxg6 hxg6 22. Rfe1 e4 23. Bxe4 Bxe4 24. Nxe4 f5 25. Qd3 fxe4 26. Rxe4 Rxe4 27. Qxe4 Qe8 28. Qd5+ Kh8 29. Re1 Qd8 30. Qe4 Rc8 31. Qxg6 d3 32. Ng5 Kg8 33. Qh7+ Kf8 34. Ne6+ 1-0

[Event "Civil Service Ch 6th"]
[Site "Leeds"]
[Date "1996.??.??"]
[Round "2"]
[White "Brocklehurst, Andrew"]
[Black "Pheby, Ian M"]
[Result "1-0"]
[WhiteElo "1865"]
[BlackElo "1950"]
[PlyCount "123"]
[EventDate "1996.04.??"]
[EventType "swiss"]
[EventRounds "5"]
[EventCountry "ENG"]
[SourceTitle "BritBase"]
[Source "John Saunders"]
[SourceDate "2024.12.03"]
[SourceVersion "1"]
[SourceVersionDate "2024.12.03"]
[SourceQuality "1"]

1. e4 c6 2. d4 d5 3. e5 Bf5 4. Ne2 e6 5. h4 Ne7 6. Ng3 c5 7. Bb5+ Nbc6 8. O-O cxd4 9. Qxd4 a6 10. Bxc6+ Nxc6 11. Qf4 Bxc2 12. h5 Bxb1 13. Rxb1 h6 14. b4 b5 15. a3 Be7 16. Re1 O-O 17. Qg4 Kh8 18. f4 Qd7 19. f5 Rg8 20. fxe6 Qxe6 21. Qxe6 fxe6 22. Ne2 Nxe5 23. Nf4 Bf6 24. Rxe5 Bxe5 25. Ng6+ Kh7 26. Nxe5 Rac8 27. Ng6 Rc3 28. Bf4 Rgc8 29. Rf1 Rxa3 30. Be5 Re3 31. Rf7 Rxe5 32. Nxe5 Kg8 33. Re7 Kf8 34. Rxe6 Re8 35. Ng6+ Kf7 36. Rxa6 Re4 37. Rd6 Rxb4 38. Rxd5 Rb2 39. Rd7+ Kf6 40. Rc7 b4 41. Rc5 b3 42. Nf4 Rc2 43. Rb5 b2 44. Kh2 Rd2 45. Kg3 Rc2 46. Kg4 Rd2 47. Rb6+ Ke5 48. Rxb2 Rd4 49. Rb5+ Kf6 50. Rb6+ Kf7 51. Kf5 Ra4 52. Rb7+ Kg8 53. Ne6 Ra2 54. Rxg7+ Kh8 55. Rg6 Rf2+ 56. Ke5 Re2+ 57. Kd6 Kh7 58. Nf8+ Kh8 59. g4 Rd2+ 60. Ke7 Re2+ 61. Kf7 Rg2 62. Rg8# 1-0

[Event "Civil Service Ch 6th"]
[Site "Leeds"]
[Date "1996.??.??"]
[Round "2"]
[White "Portman, Carl S"]
[Black "Charter, Mark R"]
[Result "0-1"]
[WhiteElo "1775"]
[BlackElo "2080"]
[PlyCount "96"]
[EventDate "1996.04.??"]
[EventType "swiss"]
[EventRounds "5"]
[EventCountry "ENG"]
[SourceTitle "BritBase"]
[Source "John Saunders"]
[SourceDate "2024.12.03"]
[SourceVersion "1"]
[SourceVersionDate "2024.12.03"]
[SourceQuality "1"]

1. e4 e6 2. d4 d5 3. exd5 exd5 4. Bd3 Nc6 5. c3 Bd6 6. Nf3 Bg4 7. O-O Nge7 8. Bg5 Qd7 9. Nbd2 h6 10. Bxe7 Nxe7 11. Qb3 O-O 12. Rfe1 Bf5 13. Qc2 Bxd3 14. Qxd3 Ng6 15. Ne5 Bxe5 16. dxe5 Rfe8 17. Nf3 Qg4 18. h3 Nf4 19. hxg4 Nxd3 20. Red1 Nxe5 21. Rxd5 Nxg4 22. Kf1 Rad8 23. Rad1 Rxd5 24. Rxd5 Nf6 25. Rd3 Kf8 26. Nd4 Re5 27. a4 a6 28. c4 g6 29. Nf3 Ra5 30. Ra3 Rc5 31. Nd2 a5 32. Re3 Ng4 33. Re4 f5 34. Rd4 Ke7 35. b3 Rc6 36. f3 Ne3+ 37. Kf2 Nc2 38. Rd5 Rd6 39. Rxd6 Kxd6 40. f4 Kc5 41. Nf3 Nd4 42. Ne5 Nxb3 43. Nxg6 Kxc4 44. Ne7 Nd4 45. g3 b5 46. g4 fxg4 47. f5 bxa4 48. f6 Ne6 0-1

[Event "Civil Service Ch 6th"]
[Site "Leeds"]
[Date "1996.??.??"]
[Round "2"]
[White "Millard, Ian"]
[Black "O'Connor, Clifford M"]
[Result "1/2-1/2"]
[WhiteElo "1760"]
[BlackElo "2000"]
[PlyCount "112"]
[EventDate "1996.04.??"]
[EventType "swiss"]
[EventRounds "5"]
[EventCountry "ENG"]
[SourceTitle "BritBase"]
[Source "John Saunders"]
[SourceDate "2024.12.03"]
[SourceVersion "1"]
[SourceVersionDate "2024.12.03"]
[SourceQuality "1"]

1. e4 c5 2. Nc3 Nc6 3. f4 e6 4. Nf3 a6 5. a4 d5 6. e5 h5 7. d4 Nh6 8. Ne2 Nf5 9. c3 Qb6 10. Ng3 Nxg3 11. hxg3 cxd4 12. a5 Nxa5 13. Nxd4 Bd7 14. Rxh5 Rxh5 15. Qxh5 Nb3 16. Nxb3 Qxb3 17. Qd1 Qb6 18. Bd3 Qg1+ 19. Bf1 Bb5 20. Qf3 Bc5 21. Bd2 Bxf1 22. Qxf1 Bf2+ 23. Ke2 Qxf1+ 24. Rxf1 Bxg3 25. Rh1 Ke7 26. Kf3 Bxf4 27. Bxf4 f6 28. exf6+ Kxf6 29. Rh5 a5 30. Be5+ Kf7 31. Ke3 b5 32. Bd6 Rc8 33. Be5 Rc4 34. Rg5 g6 35. b3 Re4+ 36. Kf3 Re1 37. Bc7 Ra1 38. c4 bxc4 39. bxc4 Ra3+ 40. Ke2 Ra2+ 41. Kd1 Ra1+ 42. Kc2 Ra4 43. Rg4 dxc4 44. Kc3 Ra3+ 45. Kb2 Rb3+ 46. Kc2 Ra3 47. g3 Ra4 48. Rg5 Ra2+ 49. Kc3 Ra1 50. Bxa5 Rf1 51. Rc5 Rf5 52. Rc7+ Kf6 53. Bb6 Rf3+ 54. Kxc4 Rxg3 55. Bd4+ Kg5 56. Re7 Kf5 {... etc (x moves)} 1/2-1/2

[Event "Civil Service Ch 6th"]
[Site "Leeds"]
[Date "1996.??.??"]
[Round "3"]
[White "Wolstencroft, Darryl"]
[Black "Brusey, Alan W"]
[Result "1-0"]
[WhiteElo "2130"]
[BlackElo "1985"]
[PlyCount "61"]
[EventDate "1996.04.??"]
[EventType "swiss"]
[EventRounds "5"]
[EventCountry "ENG"]
[SourceTitle "BritBase"]
[Source "John Saunders"]
[SourceDate "2024.12.03"]
[SourceVersion "1"]
[SourceVersionDate "2024.12.03"]
[SourceQuality "1"]

1. c4 c6 2. e4 d5 3. cxd5 cxd5 4. exd5 Qxd5 5. d4 e5 6. Nc3 Qxd4 7. Qxd4 exd4 8. Nb5 Bb4+ 9. Bd2 Bxd2+ 10. Kxd2 Na6 11. Nf3 Nf6 12. Re1+ Be6 13. Nfxd4 O-O-O 14. Kc1 Bxa2 15. b3 Nb4 16. Nxa7+ Kb8 17. Nab5 Nc6 18. Nxc6+ bxc6 19. Kb2 Rd2+ 20. Kc3 Rxf2 21. Nd4 Nd5+ 22. Kc4 Kc7 23. Re2 Rf6 24. Rxa2 Ne3+ 25. Kc5 Nxf1 26. Ra1 Nd2 27. Ra7+ Kb8 28. Rha1 Ne4+ 29. Kb6 c5+ 30. Nc6+ Kc8 31. Rc7# 1-0

[Event "Civil Service Ch 6th"]
[Site "Leeds"]
[Date "1996.??.??"]
[Round "3"]
[White "Robson, Paul E"]
[Black "Ashby, Anthony C"]
[Result "0-1"]
[WhiteElo "1850"]
[BlackElo "2185"]
[PlyCount "78"]
[EventDate "1996.04.??"]
[EventType "swiss"]
[EventRounds "5"]
[EventCountry "ENG"]
[SourceTitle "BritBase"]
[Source "John Saunders"]
[SourceDate "2024.12.03"]
[SourceVersion "1"]
[SourceVersionDate "2024.12.03"]
[SourceQuality "1"]

1. e4 g6 2. f4 c6 3. Nc3 Bg7 4. Nf3 d5 5. e5 h5 6. d4 Nh6 7. Bd3 Bg4 8. O-O e6 9. Ne2 Nd7 10. c3 Bf8 11. Qc2 Bf5 12. Ng3 Bxd3 13. Qxd3 h4 14. Nh1 Be7 15. Nf2 b5 16. Ng5 Qb6 17. Nxe6 Nf5 18. Ng5 Nf8 19. Ng4 Ne6 20. Ne3 Neg7 21. Nh3 O-O-O 22. a4 b4 23. a5 Qb7 24. Nf2 Rd7 25. Nfg4 Kb8 26. Nxf5 Nxf5 {White had 10 minutes to reach move 40, Black 5 minutes.} 27. e6 fxe6 28. Ne5 Rc7 29. Nxg6 Rg8 30. Ne5 Bd6 31. Nf3 Rcg7 32. Ng5 Qc7 33. Qh3 Rg6 34. cxb4 Nxd4 35. Rf2 Bxb4 36. Ra4 Bc5 37. Kh1 Nf5 38. Qb3+ Ka8 39. Rf3 e5 {White lost on time} 0-1

[Event "Civil Service Ch 6th"]
[Site "Leeds"]
[Date "1996.??.??"]
[Round "3"]
[White "Phillips, Owen S"]
[Black "Bowering, Charles"]
[Result "1-0"]
[WhiteElo "1975"]
[BlackElo "1950"]
[PlyCount "107"]
[EventDate "1996.04.??"]
[EventType "swiss"]
[EventRounds "5"]
[EventCountry "ENG"]
[SourceTitle "BritBase"]
[Source "John Saunders"]
[SourceDate "2024.12.03"]
[SourceVersion "1"]
[SourceVersionDate "2024.12.03"]
[SourceQuality "1"]

1. d4 f5 2. Nc3 Nf6 3. Bg5 e6 4. g4 d5 5. gxf5 exf5 6. Bg2 c6 7. Qd3 Be7 8. Bxf6 Bxf6 9. O-O-O Be6 10. f4 Nd7 11. Nf3 Qe7 12. h4 a5 13. Bh3 g6 14. h5 a4 15. Rdg1 Bf7 16. hxg6 hxg6 17. Bf1 O-O-O 18. Nxa4 Kc7 19. Nc3 Ra8 20. Ne5 Bxe5 21. fxe5 Nb6 22. b3 Nd7 23. Qg3 Rxh1 24. Rxh1 g5 25. e3 Be6 26. Bd3 Rf8 27. Rf1 Kd8 28. Rg1 Rg8 29. Ne2 Kc8 30. Kb2 Kd8 31. Qe1 Kc8 32. Ng3 Rf8 33. Ne2 Kb8 34. a4 Kc8 35. a5 Kb8 36. Qc3 Kc7 37. b4 Nb8 38. b5 Bd7 39. Rf1 Be6 40. a6 bxa6 41. Qa5+ Kb7 42. bxc6+ Kxc6 43. Bxa6 Nxa6 44. Qxa6+ Kc7 45. Qa7+ Kd8 46. Qb8+ Bc8 47. Qb6+ Qc7 48. Qh6 Qe7 49. Nc3 Be6 50. Ra1 Rg8 51. Ra8+ Bc8 52. Qb6+ Qc7 53. Qf6+ Ke8 54. Qe6+ 1-0

[Event "Civil Service Ch 6th"]
[Site "Leeds"]
[Date "1996.??.??"]
[Round "3"]
[White "Charter, Mark R"]
[Black "Maxwell, Alistair"]
[Result "1/2-1/2"]
[WhiteElo "2060"]
[BlackElo "2050"]
[PlyCount "45"]
[EventDate "1996.04.??"]
[EventType "swiss"]
[EventRounds "5"]
[EventCountry "ENG"]
[SourceTitle "BritBase"]
[Source "John Saunders"]
[SourceDate "2024.12.03"]
[SourceVersion "1"]
[SourceVersionDate "2024.12.03"]
[SourceQuality "1"]

1. e4 e5 2. f4 exf4 3. Qf3 d5 4. exd5 Qh4+ 5. g3 fxg3 6. hxg3 Qf6 7. Nc3 Qxf3 8. Nxf3 Nf6 9. d4 Bd6 10. Ne5 O-O 11. Bf4 Re8 12. O-O-O Ng4 13. Bb5 c6 14. dxc6 bxc6 15. Nxc6 Bxf4+ 16. gxf4 Bd7 17. Nxb8 Bxb5 18. Nxb5 Raxb8 19. Rhg1 Ne3 20. Nd6 Re6 21. Rde1 Rxd6 22. Rxe3 Rxd4 23. Rge1 1/2-1/2

[Event "Civil Service Ch 6th"]
[Site "Leeds"]
[Date "1996.??.??"]
[Round "3"]
[White "Thurlow, Kevin J"]
[Black "Brocklehurst, Andrew"]
[Result "1-0"]
[WhiteElo "2135"]
[BlackElo "1865"]
[PlyCount "75"]
[EventDate "1996.04.??"]
[EventType "swiss"]
[EventRounds "5"]
[EventCountry "ENG"]
[SourceTitle "BritBase"]
[Source "John Saunders"]
[SourceDate "2024.12.03"]
[SourceVersion "1"]
[SourceVersionDate "2024.12.03"]
[SourceQuality "1"]

1. c4 Nf6 2. Nc3 e5 3. Nf3 Nc6 4. e3 d6 5. d4 Bg4 6. Be2 Be7 7. d5 Nb8 8. e4 O-O 9. Be3 c6 10. b4 cxd5 11. exd5 Qc8 12. c5 Bxf3 13. Bxf3 dxc5 14. d6 Rd8 15. bxc5 Bxd6 16. Qb3 Nc6 {Black now had 3 minutes left to reach move 40!} 17. cxd6 Rxd6 18. Nb5 Rd8 19. O-O a6 20. Na3 e4 21. Be2 h6 22. Rac1 Ng4 23. Bb6 Rd2 24. Bxg4 Qxg4 25. Be3 Rd3 26. Qxb7 Rad8 27. Rxc6 Rxa3 28. Rxa6 Rd1 29. Qb5 Rxe3 30. Ra8+ Kh7 31. fxe3 Rd2 32. Qf5+ Qxf5 33. Rxf5 Kg6 34. Rf4 f5 35. Ra6+ Kg5 36. h4+ Kh5 37. Ra5 g6 38. Rxe4 {Surprisingly Black managed to resign rather than lose on time.} 1-0

[Event "Civil Service Ch 6th"]
[Site "Leeds"]
[Date "1996.??.??"]
[Round "3"]
[White "Parkes, Jack C"]
[Black "Clark, William G"]
[Result "1/2-1/2"]
[WhiteElo "1770"]
[BlackElo "1910"]
[PlyCount "55"]
[EventDate "1996.04.??"]
[EventType "swiss"]
[EventRounds "5"]
[EventCountry "ENG"]
[SourceTitle "BritBase"]
[Source "John Saunders"]
[SourceDate "2024.12.03"]
[SourceVersion "1"]
[SourceVersionDate "2024.12.03"]
[SourceQuality "1"]

1. e4 c5 2. Nf3 d6 3. d4 cxd4 4. Nxd4 Nf6 5. Nc3 a6 6. a4 e6 7. Be2 Be7 8. O-O Qc7 9. Bg5 Nbd7 10. Nb3 b6 11. Qd3 O-O 12. f4 Bb7 13. Bf3 Rfd8 14. Kh1 Nc5 15. Nxc5 dxc5 16. Qe3 Rd4 17. e5 Nd5 18. Nxd5 Bxd5 19. Bxe7 Qxe7 20. c3 Bxf3 21. Qxf3 Rdd8 22. Rad1 Rac8 23. Rf2 Rxd1+ 24. Qxd1 Rd8 25. Rd2 Rxd2 26. Qxd2 Qc7 27. c4 h6 28. Kg1 1/2-1/2